|
|
|
|
| LEADER |
00000nam a22000007a 4500 |
| 005 |
20211004220812.0 |
| 007 |
cr|||| |||| |
| 008 |
211004s2021 es |||||s|||| 00||0 spa d |
| 020 |
|
|
|a 978-84-1377-546-3
|
| 035 |
|
|
|a 35117
|
| 040 |
|
|
|a vLex
|
| 090 |
|
|
|c 12486
|d 12486
|
| 100 |
1 |
|
|a Gm̤ez Puerto, ℓngel B.
|
| 245 |
1 |
3 |
|a Los partidos polt̕icos en la Constitucin̤
|h [Recurso electrn̤ico] :
|b Las entraąs de la democracia /
|c ℓngel B. Gm̤ez Puerto
|
| 256 |
|
|
|a Servicio en ln̕ea
|
| 260 |
|
|
|a Madrid:
|b Dykinson,
|c 2021
|
| 300 |
|
|
|a 1 recurso electrn̤ico
|
| 506 |
1 |
|
|a Disponible solo en los productos indicados
|d vLex Global
|d vLex Global (Academic Edition, excluding Law Schools)
|d vLex Global (U.S. Academic Edition, Law Schools)
|d vLex Global (U.S. Academic Edition, excluding Law Schools)
|d vLex Global (Academic Edition, Law Schools)
|
| 650 |
0 |
4 |
|a Derecho Constitucional
|z Espaą
|
| 740 |
0 |
|
|a vLex Libros (Servicio en ln̕ea)
|
| 856 |
4 |
0 |
|u https://app.vlex.com/#/sources/35117
|z Acceso restringido
|
| 942 |
|
|
|c BOOK
|
| 999 |
0 |
|
|a Constitutional right
|